| 000 | 00830nam a2200217Ia 4500 | ||
|---|---|---|---|
| 999 |
_c39742 _d39742 |
||
| 001 | 6347 | ||
| 003 | GE_BSU | ||
| 005 | 20191129112227.0 | ||
| 008 | 181216s2013||||enk|||||||||||||| ||eng|| | ||
| 020 | _a978966657452 | ||
| 040 | _cGE_BSU | ||
| 080 | _a378 Ch-51 | ||
| 100 |
_aChernyshenko, S.V. _95609 |
||
| 245 |
_aTempus. Integrated university management system:eu experience on nis countries' Ground. _bTempus programme Joinnt European project _c,S.V. Chernyshenko, V.O. Lyubchak. |
||
| 264 |
_aSumy : _bSumy State University, _c2013. |
||
| 300 |
_a216 p. : _bill. ; _c23 сm. |
||
| 653 | _aუნივერსიტეტის მართვის ინტეგრირებული სისტემა | ||
| 653 | _aტემპუსი | ||
| 700 |
_aLyubchak, V.O. _eავტორი _95610 |
||
| 942 |
_cBK _2udc |
||